Liga Portugal Transfers 23/24 - Statistics

General Stats
  • This quiz has been taken 69 times
  • The average score is 12 of 18
Answer Stats
From To Fee Nation Answer % Correct
Coventry Sporting 20M Sweden Viktor Gyokeres
97%
Feyenoord Benfica 25M Turkey Orkun Kokcu
95%
Shakhtar Benfica 10M Ukraine Anatoliy Trubin
85%
Juventus Benfica FREE Argentina Angel Di Maria
85%
Fiorentina Benfica 20M Brazil Arthur Cabral
85%
PSG Benfica LOAN Spain Juan Bernat
74%
Lecce Sporting 18M Denmark Morten Hjulmand
74%
Boca Juniors FC Porto 8M Argentina Alan Varela
71%
Wolves Benfica LOAN Portugal Goncalo Guedes
71%
Wolves Braga FREE Portugal Joao Moutinho
66%
Real Valldolid Sporting 9M Spain Ivan Fresneda
65%
Ajax Porto LOAN Portugal Francisco Conceicao
61%
Schalke Braga 5M Uruguay Rodrigo Zalazar
60%
Slavia Praha Benfica 14M Czech Rep David Jurasek
58%
Famalicao Porto 10M Portugal Ivan Jaime
56%
Ajax Porto LOAN Mexico Jorge Sanchez
52%
Lille Braga FREE Portugal Jose Fonte
52%
Sevilla Braga FREE Portugal Rony Lopes
40%
No matching quizzes found
Score Distribution
Percent of People with Each Score
Percentile by Number Answered
Your Score History
You have not taken this quiz